We are all stardust : (Record no. 100082)

MARC details
000 -LEADER
fixed length control field 00686nam a22001937a 4500
005 - DATE AND TIME OF LATEST TRANSACTION
control field 20230530150306.0
010 ## - LCCN (DPL NO)
LC control number ENG-115157
020 ## - INTERNATIONAL STANDARD BOOK NUMBER
International Standard Book Number 9789385755057
Terms of availability 399.00
035 ## - SYSTEM CONTROL NUMBER
System control number EN-98689
037 ## - SOURCE OF ACQUISITION
Source of stock number/acquisition DBAD/PUB
082 ## - DEWEY DECIMAL CLASSIFICATION NUMBER
Classification number 500
100 ## - MAIN ENTRY--PERSONAL NAME
Personal name Klein, Stefan
245 ## - TITLE STATEMENT
Title We are all stardust :
Remainder of title scientists who shaped our world talk about their work, their lives and what they still want to know /
Statement of responsibility, etc by Stefan Klein ; translated by Ross Benjamin
260 ## - PUBLICATION, DISTRIBUTION, ETC. (IMPRINT)
Place of publication, distribution, etc New Delhi
Name of publisher, distributor, etc Speaking Tiger
Date of publication, distribution, etc 2016
270 ## - ADDRESS
Address 4381/4 Ansari Road, Daryaganj,
City New delhi
Postal code 110002
300 ## - PHYSICAL DESCRIPTION
Extent xv,265p. :
Other physical details ill.
Dimensions 21cm(pbk)
700 ## - ADDED ENTRY--PERSONAL NAME
Personal name Benjamin, Ross
942 ## - ADDED ENTRY ELEMENTS (KOHA)
Source of classification or shelving scheme Dewey Decimal Classification
Item type English Books
Classification part 500
Call number suffix KLE
Holdings
Withdrawn status Lost status Not for loan Collection code Home library Current library Date acquired Source of acquisition Cost, normal purchase price Full call number Barcode Copy number Cost, replacement price Koha item type
      Non-fiction Ashok Vihar Ashok Vihar 26/05/2016 DBAD/PUB 399.00 500 KLE EN-98689 1 399.00 English Books

© Delhi Public Library
Hit Counter
free hit counter